中国围棋协会产生的职业九段棋士 - Statistics

General Stats
  • This quiz has been taken 136 times
  • The average score is 18 of 58
Answer Stats
成为九段时间 出生年份 棋士姓名 % Correct
2015 1997 柯洁
97%
1982 1952 聂卫平
75%
2017 1994 连笑
66%
2006 1983 古力
63%
1999 1976 常昊
58%
2019 1998 杨鼎新
50%
1988 1963 芮迺伟
48%
1982 1964 马晓春
45%
2017 1998 辜梓豪
45%
2022 1995 李轩豪
45%
2013 1996 芈昱廷
43%
2013 1996 范廷钰
42%
2013 1991 时越
41%
2021 2000 丁浩
41%
2023 2004 王星昊
39%
2013 1991 周睿羊
37%
2018 1998 谢尔豪
37%
2014 1991 柁嘉熹
36%
2021 2000 谢科
36%
1988 1960 刘小光
35%
2009 1982 孔杰
35%
2013 1993 唐韦星
35%
2016 1994 党毅飞
35%
2007 1989 陈耀烨
34%
2017 1993 檀啸
34%
2002 1977 罗洗河
33%
1982 1944(已逝) 陈祖德
31%
1987 1962 江铸久
31%
2021 1999 许嘉阳
30%
2021 2000 李维清
29%
2023 2000 廖元赫
28%
2016 1998 李钦诚
27%
2012 1991 江维杰
26%
2012 1984 谢赫
26%
1991 1967 俞斌
25%
2001 1976 周鹤洋
25%
2021 1999 赵晨宇
25%
2022 1997 杨楷文
25%
1997 1966 丰云
23%
2021 1994 陶欣然
22%
1986 1962 曹大元
21%
2006 1984 王檄
20%
2022 1997 黄云嵩
20%
2011 1988 朴文垚
19%
2011 1982 邱峻
16%
2007 1979 丁伟
14%
1987 1966 钱宇平
13%
1982 1945(已逝) 吴淞笙
11%
1993 1969 张文东
10%
1998 1973 邵炜刚
10%
1996 1963 汪见虹
8%
1996 1965 吴肇毅
8%
1996 1968 郑弘
8%
1995 1958 邵震中
7%
1998 1962 宋雪林
6%
1993 1963 陈临新
5%
1995 1962 廖桂永
5%
1999 1963 梁伟棠
5%
No matching quizzes found
Score Distribution
Percent of People with Each Score
Percentile by Number Answered
Your Score History
You have not taken this quiz